000 00999nam a2200325 a 4500
001 vtls000081290
003 NLI
005 20210601194449.0
008 101125s2000 nyua 000 0 eng
020 _a0195089057 :
_cRs. 445.00
039 9 _y201011250851
_zVLOAD
040 0 _aNLI
_beng
_cEntertech-2003
_eAACR2
041 0 _aeng
044 _anyu
082 0 4 _a153
100 1 _aDodwell, Peter
_9187569
245 1 0 _aBrave new mind :
_ba thoughtful inquiry into the nature and meaning of mental life /
_cPeter Dodwell
260 _aNew York :
_bOxford University Press,
_cc2000
300 _aix, 250 p. :
_bill. ;
_c24 cm.
504 _aBibliography : p. 219-250
650 0 _aCognitive Science
_9142600
650 0 _aCreative thinking
_911495
650 0 _aConsciousness
650 0 _aCognition
_xSocial aspects
_9180729
887 _a
901 _a538331
_b29.05.1901
902 _aE153 D669
949 _AVIRTUAITEM
_D10000
_X100
_6PUR000538331ENG
942 _2ddc
_cBKS
999 _aVIRTUA00
_c85675
_d85675